NLSUI OPAC header image

Crimes against women: Strengthening the justice system (Record no. 41295)

MARC details
000 -LEADER
fixed length control field 00579nam a2200193Ia 4500
003 - CONTROL NUMBER IDENTIFIER
control field OSt
005 - DATE AND TIME OF LATEST TRANSACTION
control field 20210806153733.0
008 - FIXED-LENGTH DATA ELEMENTS--GENERAL INFORMATION
fixed length control field 160316s2016 xxu||||| |||| 00| 0 eng d
040 ## - CATALOGING SOURCE
Transcribing agency .
082 ## - DEWEY DECIMAL CLASSIFICATION NUMBER
Classification number 364.153000
Item number IBA
100 ## - MAIN ENTRY--PERSONAL NAME
Personal name
245 ## - TITLE STATEMENT
Title Crimes against women: Strengthening the justice system
260 ## - PUBLICATION, DISTRIBUTION, ETC.
Place of publication, distribution, etc. Bangalore
Name of publisher, distributor, etc. IBA-CLE Chair & NLSIU
Date of publication, distribution, etc. 2016
300 ## - PHYSICAL DESCRIPTION
Extent 171
650 ## - SUBJECT ADDED ENTRY--TOPICAL TERM
Topical term or geographic name entry element 1. Criminal justice reforms 2. Advocacy3. Sexual violence 4. Appellate advocacy
700 ## - ADDED ENTRY--PERSONAL NAME
Personal name
--
856 ## - ELECTRONIC LOCATION AND ACCESS
Uniform Resource Identifier <a href="http://opac.nls.ac.in:8081/xmlui/handle/123456789/730">http://opac.nls.ac.in:8081/xmlui/handle/123456789/730</a>
942 ## - ADDED ENTRY ELEMENTS (KOHA)
Source of classification or shelving scheme Dewey Decimal Classification
Koha item type Repository
Holdings
Withdrawn status Lost status Damaged status Not for loan Home library Current library Shelving location Date acquired Total Checkouts Full call number Barcode Date last seen Price effective from Koha item type
        . .   30.05.2017   364.153 IBA REP12726 30.05.2017 30.05.2017 Repository